Państwa Świata w celowniku - Statystyki

Ogólne statystyki
  • Ten quiz został rozwiązany 61 razy
  • Średni wynik to 110 z 196
Odpowiedzi na mapie
Odpowiedzi zakodowano w zielono-czerwonej skali na mapie do tego quizu, zgodnie z poniższymi procentami.
 
Statystyki odpowiedzi
Kraj % Poprawnych
Polsce
82%
Kanadzie
80%
Kubie
75%
Brazylii
73%
Meksykowi
73%
Stanom Zjednoczonym
73%
Rosji
71%
Dominikanie
69%
Peru
69%
Włochom
69%
Argentynie
67%
Chile
67%
Francji
67%
Haiti
67%
Boliwii
65%
Czechom
65%
Danii
65%
Kolumbii
65%
Niemcom
65%
Panamie
65%
Wenezueli
65%
Afganistanowi
63%
Australii
63%
Chinom
63%
Egiptowi
63%
Etiopii
63%
Hiszpanii
63%
Hondurasowi
63%
Indiom
63%
Iranowi
63%
Irlandii
63%
Islandii
63%
Szwecji
63%
Ukrainie
63%
Wielkiej Brytanii
63%
Algierii
61%
Arabii Saudyjskiej
61%
Austrii
61%
Białorusi
61%
Dominice
61%
Ekwadorowi
61%
Finlandii
61%
Indonezji
61%
Jamajce
61%
Japonii
61%
Kazachstanowi
61%
Kostaryce
61%
Libii
61%
Litwie
61%
Mongolii
61%
Norwegii
61%
Nowej Zelandii
61%
Pakistanowi
61%
Paragwajowi
61%
Portugalii
61%
Słowacji
61%
Somalii
61%
Surinamowi
61%
Szwajcarii
61%
Tunezji
61%
Urugwajowi
61%
Albanii
59%
Andorze
59%
Belgii
59%
Belize
59%
Bułgarii
59%
Chorwacji
59%
Estonii
59%
Grecji
59%
Gujanie
59%
Gwatemali
59%
Holandii
59%
Irakowi
59%
Kenii
59%
Kirgistanowi
59%
Łotwie
59%
Madagaskarowi
59%
Malcie
59%
Mali
59%
Mołdawii
59%
Rumunii
59%
Serbii
59%
Słowenii
59%
Sudanowi
59%
Syrii
59%
Tajlandii
59%
Tajwanowi
59%
Tanzanii
59%
Turcji
59%
Węgrom
59%
Wietnamowi
59%
Angoli
57%
Bahamom
57%
Bośni i Hercegowinie
57%
Cyprowi
57%
Filipinom
57%
Gruzji
57%
Izraelowi
57%
Jemenowi
57%
Korei Północnej
57%
Korei Południowej
57%
Lesotho
57%
Macedonii Północnej
57%
Omanowi
57%
Republice Południowej Afryki
57%
Armenii
55%
Azerbejdżanowi
55%
Bahrajnowi
55%
Bangladeszowi
55%
Czadowi
55%
Czarnogórze
55%
Gwinei
55%
Katarowi
55%
Kuwejtowi
55%
Laosowi
55%
Malezji
55%
Maroku
55%
Mauretanii
55%
Nepalowi
55%
Salwadorowi
55%
San Marino
55%
Sri Lance
55%
Sudanowi Południowemu
55%
Togo
55%
Turkmenistanowi
55%
Zjednoczonym Emiratom Arabskim
55%
Bhutanowi
53%
Dżibuti
53%
Erytrei
53%
Eswatini
53%
Jordanii
53%
Kambodży
53%
Komorom
53%
Kosowu
53%
Libanowi
53%
Luksemburgowi
53%
Mjanmie
53%
Mozambikowi
53%
Namibii
53%
Nigerii
53%
Nikaragui
53%
Rwandzie
53%
Senegalowi
53%
Seszelom
53%
Tadżykistanowi
53%
Ugandzie
53%
Uzbekistanowi
53%
Watykanowi
53%
Zambii
53%
Zimbabwe
53%
Barbadosowi
51%
Beninowi
51%
Burundi
51%
Demokratycznej Republice Konga
51%
Fidżi
51%
Gambii
51%
Ghanie
51%
Liechtensteinowi
51%
Malawi
51%
Malediwom
51%
Monako
51%
Wybrzeżu Kości Słoniowej
51%
Botswanie
49%
Burkinie Faso
49%
Gwinei Bissau
49%
Gwinei Równikowej
49%
Kiribati
49%
Kongu
49%
Liberii
49%
Mikronezji
49%
Nauru
49%
Timorowi Wschodniemu
49%
Brunei
47%
Gabonowi
47%
Kamerunowi
47%
Mauritiusowi
47%
Palau
47%
Papui-Nowej Gwinei
47%
Tuvalu
47%
Vanuatu
47%
Wyspom Marshalla
47%
Wyspom Salomona
47%
Republice Środkowoafrykańskiej
45%
Samoa
45%
Singapurowi
45%
Tonga
45%
Trynidadowi i Tobago
45%
Antigui i Barbudzie
43%
Republice Zielonego Przylądka
43%
Sierra Leone
43%
Nigrowi
41%
Grenadzie
39%
Saint Lucia
39%
Saint Kitts i Nevisowi
33%
Saint Vincent i Grenadynom
33%
Wyspom Świętego Tomasza i Książecej
31%
Nie znaleziono quizów pasujących do podanych kryteriów
Rozkład punktacji
Procent ludzi z każdym wynikiem
Percentyl według liczby udzielonych odpowiedzi
Twoja historia wyników
Nie rozwiązałeś tego quizu